000 00331nam a2200133Ia 4500
005 20260328104322.0
008 260328s9999||||xx |||||||||||||| ||und||
100 _aRunciman, Steven
245 0 _aBizancio :
_b Estilo y Civilización /
_cSteven Runciman
260 _bXarait
300 _a219 p.
650 _aIMPERIO
942 _cBK
999 _c11377
_d11377